Plan de manejo integral de la cuenca hidrográfica del río Aracataca : (Registro nro. 6273)

Detalles MARC
000 -CABECERA
Campo de control 01194cam a2200265 a 4500
005 - FECHA Y HORA DE LA ULTIMA TRANSACCION
Campo de control 20160809101852.0
008 - ELEMENTOS DE LONGITUD FIJA—INFORMACION GENERAL
Campo de control 000711s1999 ck ab r 00010 spa d
020 ## - ISBN
ISBN 9586482332
040 ## - FUENTE DE CATALOGACIÓN
Agencia catalogadora original la
Agencia transcriptora la
Agencia Modificadora CO-BoIAVH
041 0# - IDIOMA
Código de idioma para texto/pista de sonido o título separado Español
044 ## - PAÍS DE PUBLICACIÓN
País de publicación Colombia
082 04 - NUMERO DE CLASIFICACION DECIMAL DEWEY
Número de clasificación 333.72
Número del ítem P69m
245 00 - MENCION DE TITULO
Título Plan de manejo integral de la cuenca hidrográfica del río Aracataca :
Parte restante del título una experiencia piloto para el desarrollo sostenible de la Sierra Nevada de Santa Marta /
Mención de responsabilidad compiladores Alberto Barbieri [y otros 3]
260 ## - PUBLICACION, DISTRIBUCION, ETC. (PIE DE IMPRENTA)
Lugar de publicación, distribución, etc. Bogotá, Colombia :
Nombre del editor, distribuidor, etc. Comitato Internazionale per lo Sviluppo dei Popoli, CORPAMAG,
Fecha de publicación, distribución, etc. 1999.
300 ## - DESCRIPCION FISICA
Extensión 278 páginas :
Otros detalles físicos ilustraciones ;
Dimensiones 24 x 17 cm.+
Material acompañante 15 mapas
504 ## - NOTA DE BIBLIOGRAFIA, ETC.
Nota de bibliografía Incluye referencias bibliográficas.
650 26 - ASIENTO SECUNDARIO DE MATERIA - TERMINO TEMATICO
Término temático o nombre geográfico como elemento de entrada Cuencas hidrográficas
Subdivisión geográfica Aracataca (Río, Colombia)
9 (RLIN) 74115
650 26 - ASIENTO SECUNDARIO DE MATERIA - TERMINO TEMATICO
Término temático o nombre geográfico como elemento de entrada Recursos naturales
Subdivisión general conservación
Subdivisión geográfica Colombia
9 (RLIN) 74116
650 26 - ASIENTO SECUNDARIO DE MATERIA - TERMINO TEMATICO
Término temático o nombre geográfico como elemento de entrada Cuencas hidrográficas
Subdivisión general Gestión ambiental
Subdivisión geográfica Aracataca (Río, Colombia)
9 (RLIN) 74117
700 1# - ASIENTO SECUNDARIO - NOMBRE PERSONAL
Nombre personal Barbieri, Alberto
Término de relación compilador
9 (RLIN) 65424
700 1# - ASIENTO SECUNDARIO - NOMBRE PERSONAL
Nombre personal Gomez Yoli, Ismael
Término de relación compilador
9 (RLIN) 65431
700 1# - ASIENTO SECUNDARIO - NOMBRE PERSONAL
Nombre personal Grando, Luigi
Término de relación compilador
9 (RLIN) 74110
700 1# - ASIENTO SECUNDARIO - NOMBRE PERSONAL
Nombre personal Avilés, Bernardo
Término de relación compilador
9 (RLIN) 74111
942 ## - ELEMENTOS ADICIONALES (KOHA)
Sistema de clasificación Dewey Decimal Classification
Tipo de ítem Libro
Existencias
Withdrawn status Lost status Sistema de Clasificación Damaged status No para préstamo Colección Inventariado Ubicación Permanente Ubicación actual Fecha de adquisición Valor Total Checkouts Número topográfico Inventario / Código de Barras Date last seen Ejemplar Price effective from Forma de adquisición Tipo de material
    Dewey Decimal Classification     General Inventariado 2017 Sala Fabio Quevedo Sala Fabio Quevedo 07/05/2008 39000.00   LB-333.72 P69m 025964 04/12/2012 Ej. 1 04/12/2012 Donación Libro